| 000 | 00000nam##2200000za#4500 |
| 001 | 9.699071 |
| 003 | CaOODSP |
| 005 | 20210625000221 |
| 007 | cr ||||||||||| |
| 008 | 150407|2003||||xxc|||||o f|0| 0 eng|d |
| 040 | |aCaOODSP|beng |
| 043 | |an-cn--- |
| 086 | 1 |aEn4-245/2003E-PDF |
| 110 | 1 |aCanada.|bEnvironment Canada. |bAtlantic Region. |
| 245 | 10|aACAP's Science Linkages Initiative : |h[electronic resource]|ba sound investment in science & community, 1997-2002 / |cprepared by Suzie Dech. |
| 260 | |aOttawa - Ontario : |bEnvironment Canada. |cDecember 2003. |
| 300 | |a21p.|btables, photographs |
| 590 | |a14-21-Supp|b2014-12-11 |
| 690 | 07|aEcosystems|2gcpds |
| 690 | 07|aScientific research|2gcpds |
| 775 | 08|tInitiative réseaux scientifiques du PALA : |w(CaOODSP)9.643094 |
| 856 | 40|ahttp://publications.gc.ca|qPDF|s184 KB|uhttps://publications.gc.ca/collections/collection_2014/ec/En4-245-2003-eng.pdf |